С.Г. Потапов - журналист и историк-краевед (Запись № 6854082)

Подробности
000 -МАРКЕР
контрольное поле 01710nam0a22003611 4500
001 - ИДЕНТИФИКАТОР ЗАПИСИ
контрольное поле rc\2282978
005 - ИДЕНТИФИКАТОР ВЕРСИИ
контрольное поле 20260407083056.0
035 ## - ДРУГИЕ СИСТЕМНЫЕ НОМЕРА
Идентификатор записи (NLR Aleph) 006562051
100 ## - ДАННЫЕ ОБЩЕЙ ОБРАБОТКИ
Данные общей обработки 20110829d1976 |||y0rusy50 ca
101 0# - ЯЗЫК РЕСУРСА
Язык текста, звукозаписи и т.д. русский
102 ## - СТРАНА ПУБЛИКАЦИИ ИЛИ ПРОИЗВОДСТВА
Страна публикации Российская Федерация
105 ## - ПОЛЕ КОДИРОВАННЫХ ДАННЫХ: ТЕКСТОВЫЕ МАТЕРИАЛЫ, МОНОГРАФИЧЕСКИЕ
Кодированные данные о монографическом текстовом документе c ac |||||
200 1# - ЗАГЛАВИЕ И СВЕДЕНИЯ ОБ ОТВЕТСТВЕННОСТИ
Основное заглавие С.Г. Потапов - журналист и историк-краевед
Сведения, относящиеся к заглавию (Биобиблиогр. указ.)
Первые сведения об ответственности [Сост. Н.М. Алексеев, В.Н. Павлова]
Последующие сведения об ответственности Якут. респ. б-ка им. А.С. Пушкина, Отд. нац. и краевед. литературы
210 ## - ПУБЛИКАЦИЯ, РАСПРОСТРАНЕНИЕ И ДР.
Место издания, распространения и т.д. Якутск
Имя издателя, распространителя и т. д. Кн. изд-во
Дата издания, распространения и т.д. 1976
215 ## - ФИЗИЧЕСКАЯ ХАРАКТЕРИСТИКА
Специфическое обозначение материала и объем 37 с.
Другие сведения о физической характеристике портр.
Размеры 20
606 ## - НАИМЕНОВАНИЕ ТЕМЫ КАК ПРЕДМЕТ
Наименование темы Краеведение
Формальный подзаголовок Указатели литературы
Географический подзаголовок Якутская АССР
Код системы psbo
606 ## - НАИМЕНОВАНИЕ ТЕМЫ КАК ПРЕДМЕТ
Наименование темы Краеведы якутские, советские
Формальный подзаголовок Библиографические пособия
Код системы psbo
686 ## - ИНДЕКСЫ ДРУГИХ КЛАССИФИКАЦИЙ
Индекс Т1(2Р-6я)7-8Потапов, С.Г.
Код системы
686 ## - ИНДЕКСЫ ДРУГИХ КЛАССИФИКАЦИЙ
Индекс ч612.3(2)7-8Потапов
Код системы
700 #1 - ИМЯ ЛИЦА - ПЕРВИЧНАЯ ОТВЕТСТВЕННОСТЬ
Графика поля Кириллица
Материалы, к которым относится поле rus
Начальный элемент ввода Алексеев
Часть имени, кроме начального элемента ввода Н. М.
Дополнения к именам, кроме дат библиограф
Даты 1906-1975
Расширение инициалов личного имени Николай Михайлович
Системный номер авторитетной/нормативной записи 170273
Идентификатор авторитетной/нормативной записи RU\NLR\AUTH\770170323
701 #1 - ИМЯ ЛИЦА - АЛЬТЕРНАТИВНАЯ ОТВЕТСТВЕННОСТЬ
Начальный элемент ввода Павлова
Часть имени, кроме начального элемента ввода В.Н.
702 #1 - ИМЯ ЛИЦА - ВТОРИЧНАЯ ОТВЕТСТВЕННОСТЬ
Начальный элемент ввода Потапов
Часть имени, кроме начального элемента ввода С.Г.
Расширение инициалов личного имени Серафим Георгиевич
Код отношения Прочие
712 02 - НАИМЕНОВАНИЕ ОРГАНИЗАЦИИ - ВТОРИЧНАЯ ОТВЕТСТВЕННОСТЬ
Начальный элемент ввода Якутская республиканская научная библиотека им. А. С. Пушкина
Идентификатор авторитетной/нормативной записи RU\NLR\AUTH\889085
Системный номер авторитетной/нормативной записи 290681
801 #0 - ИСТОЧНИК ЗАПИСИ
Страна Российская Федерация
Организация NLR
Правила каталогизации psbo
801 #1 - ИСТОЧНИК ЗАПИСИ
Страна Российская Федерация
Организация ELAR
Источник данных rusmarc
852 ## - МЕСТОНАХОЖДЕНИЕ И ШИФР ХРАНЕНИЯ
Идентификатор организации NLR
Шифр хранения (Call Number) 641/П64
899 ## - ДАННЫЕ О МЕСТОНАХОЖДЕНИИ (устаревшее)
Местонахождение RuMoRGB
Шифр хранения Б 76-51/1785
899 ## - ДАННЫЕ О МЕСТОНАХОЖДЕНИИ (устаревшее)
Местонахождение RuMoRGB
Шифр хранения КБ
899 ## - ДАННЫЕ О МЕСТОНАХОЖДЕНИИ (устаревшее)
Местонахождение RuMoRGB
Шифр хранения ЦСБ
942 ## - ДОПОЛНИТЕЛЬНЫЕ ЭЛЕМЕНТЫ ЗАПИСИ (АБИС)
Тип экземпляра АБИС Книга
980 ## - КОЛЛЕКЦИЯ
Название коллекции Национальная библиография
Экземпляры
Тип экземпляра Дата поступления Библиотека постоянного хранения Библиотека текущего хранения Место хранения Шифр хранения Штрих-код Статус экземпляра
Книга 26.10.2013 РНБ (Московский) РНБ (Московский) Центральная справочная библиотека 641/П64 1-3678311